Mapping the Shadow Banking System Through a Global Flow of Funds Analysis.

This paper presents an approach to understanding the shadow banking system in the United States using a new Global Flow of Funds (GFF) conceptual framework developed by the IMF's Statistics Department (STA). The GFF uses external stock and flow matrices to map claims between sector-location pai...

Full description

Bibliographic Details
Format: Journal
Language:English
Published: Washington, D.C. : International Monetary Fund, 2014.
Series:IMF Working Papers; Working Paper ; No. 2014/010
Online Access:Full text available on IMF
LEADER 01824cas a2200229 a 4500
001 AALejournalIMF014166
008 230101c9999 xx r poo 0 0eng d
020 |c 5.00 USD 
020 |z 9781475517699 
022 |a 1018-5941 
040 |a BD-DhAAL  |c BD-DhAAL 
245 1 0 |a Mapping the Shadow Banking System Through a Global Flow of Funds Analysis. 
264 1 |a Washington, D.C. :  |b International Monetary Fund,  |c 2014. 
300 |a 1 online resource (57 pages) 
490 1 |a IMF Working Papers 
500 |a <strong>Off-Campus Access:</strong> No User ID or Password Required 
500 |a <strong>On-Campus Access:</strong> No User ID or Password Required 
506 |a Electronic access restricted to authorized BRAC University faculty, staff and students 
520 3 |a This paper presents an approach to understanding the shadow banking system in the United States using a new Global Flow of Funds (GFF) conceptual framework developed by the IMF's Statistics Department (STA). The GFF uses external stock and flow matrices to map claims between sector-location pairs. Our findings highlight the large positions and gross flows of the U.S. banking sector (ODCs) and its interconnectedness with the banking sectors in the Euro area and the United Kingdom. European counterparties are large holders of U.S. other financial corporations (OFCs) debt securities. We explore the relationship between credit to domestic entities and the growth of non-core liabilities. We find that external debt liabilities of the financial sector are procyclical and are closely aligned with domestic credit growth. 
538 |a Mode of access: Internet 
830 0 |a IMF Working Papers; Working Paper ;  |v No. 2014/010 
856 4 0 |z Full text available on IMF  |u http://elibrary.imf.org/view/journals/001/2014/010/001.2014.issue-010-en.xml  |z IMF e-Library